[Event "IND-ch U19"]
[Site "Ahmedabad"]
[Date "2023.09.27"]
[Round "10"]
[White "Agarwal, Mukund Hemant"]
[Black "Vedant, Garg"]
[Result "1-0"]
[WhiteElo "1917"]
[BlackElo "1801"]
[PlyCount "83"]
[EventDate "2023.09.20"]
[EventType "swiss"]
[EventRounds "11"]
[EventCountry "IND"]
[SourceTitle "EXT 2024"]
[Source "ChessBase"]
[SourceDate "2023.10.10"]
[SourceVersion "1"]
[SourceVersionDate "2023.10.10"]
[SourceQuality "1"]

1. e4 c6 2. d4 d5 3. Nc3 dxe4 4. Nxe4 Nf6 5. Nxf6+ exf6 6. c3 Bd6 7. Bd3 0-0 8. Ne2 Re8 9. 0-0 Nd7 10. Be3 Qc7 11. h3 Nf8 12. c4 f5 13. Qc1 Ng6 14. f4 Bd7 15. Bd2 a5 16. Qc2 Bb4 17. Rae1 Bxd2 18. Qxd2 Qd6 19. Bb1 b5 20. c5 Qc7 21. d5 Qa7 22. Rc1 cxd5 23. a3 a4 24. Nd4 Ne7 25. Kh1 Rac8 26. Qb4 Nc6 27. Nxc6 Bxc6 28. Bxf5 Rc7 29. Rfe1 Rce7 30. Rxe7 Qxe7 31. Bg4 Qe3 32. Rc3 Qe1+ 33. Kh2 Re4 34. Qa5 d4 35. Qd8+ Be8 36. Rd3 Qf1 37. Rf3 Qc4 38. Bd7 Kf8 39. c6 d3 40. c7 d2 41. c8Q Qxc8 42. Bxc8 1-0

[Event "IND-ch U19"]
[Site "Ahmedabad"]
[Date "2023.09.21"]
[Round "3"]
[White "Vedant, Garg"]
[Black "Midilesh, MS."]
[Result "0-1"]
[WhiteElo "1801"]
[BlackElo "1534"]
[PlyCount "92"]
[EventDate "2023.09.20"]
[EventType "swiss"]
[EventRounds "11"]
[EventCountry "IND"]
[SourceTitle "EXT 2024"]
[Source "ChessBase"]
[SourceDate "2023.10.10"]
[SourceVersion "1"]
[SourceVersionDate "2023.10.10"]
[SourceQuality "1"]

1. e4 c5 2. Nc3 a6 3. d4 cxd4 4. Qxd4 Nc6 5. Qe3 e6 6. b3 Nf6 7. Bb2 d6 8. 0-0-0 Qc7 9. f4 Be7 10. Kb1 b5 11. Nf3 Bb7 12. Rg1 0-0-0 13. g4 d5 14. exd5 Nb4 15. Bd3 Nfxd5 16. Nxd5 Nxd5 17. Qe1 Bb4 18. Qe5 Bd6 19. Qe1 Bxf4 20. Bxg7 f6 21. Qxe6+ Kb8 22. Bxf6 Rd6 23. Be5 Rxe6 24. Bxc7+ Kxc7 25. Rdf1 Nc3+ 26. Kb2 Ne2 27. Rg2 Bxf3 28. Rxf3 Be5+ 29. Ka3 Nf4 30. Rgf2 Nd5 31. Rf7+ Kb6 32. c4 b4+ 33. Ka4 Nc3+ 34. Kxb4 a5+ 35. Ka3 Bd6+ 36. b4 axb4+ 37. Kb3 Ra8 38. c5+ Kxc5 39. R2f5+ Kd4 40. Bc2 Ra3+ 41. Kb2 Rxa2+ 42. Kb3 Ra3+ 43. Kb2 b3 44. R7f6 Na4+ 45. Kc1 Ra1+ 46. Bb1 Re1+ 0-1

[Event "IND-ch 60th"]
[Site "Pune"]
[Date "2023.08.22"]
[Round "7"]
[White "Vedant, Garg"]
[Black "Shreyans, K Shah"]
[Result "1-0"]
[WhiteElo "1529"]
[BlackElo "2170"]
[PlyCount "39"]
[EventDate "2023.08.16"]
[EventType "swiss"]
[EventRounds "11"]
[EventCountry "IND"]
[SourceTitle "EXT 2024"]
[Source "ChessBase"]
[SourceDate "2023.10.10"]
[SourceVersion "1"]
[SourceVersionDate "2023.10.10"]
[SourceQuality "1"]

1. e4 e6 2. d4 d5 3. Bd3 c5 4. exd5 Qxd5 5. Nc3 Qxd4 6. Nb5 Qe5+ 7. Ne2 Na6 8. Bf4 Qf6 9. Qd2 Qd8 10. 0-0-0 Nf6 11. Nec3 Bd7 12. Rhe1 Qa5 13. Bc4 Be7 14. Nd6+ Bxd6 15. Bxd6 h6 16. Be7 Qc7 17. Bxf6 gxf6 18. Nd5 Qd8 19. Qf4 f5 20. Qe5 1-0